header

The chicken trail (Record no. 48416)

MARC details
000 -LEADER
fixed length control field 02061nam a2200433 a 4500
082 04 - DEWEY DECIMAL CLASSIFICATION NUMBER
Classification number 338.1/76500973
100 1# - MAIN ENTRY--AUTHOR NAME
Personal name Schwartzman, Kathleen Crowley,
245 14 - TITLE STATEMENT
Title The chicken trail
260 ## - PUBLICATION, DISTRIBUTION, ETC. (IMPRINT)
Place of publication Ithaca :
Name of publisher ILR Press,
Year of publication 2013.
300 ## - PHYSICAL DESCRIPTION
Number of Pages xx, 202 p. :
Other physical details ill.
505 0# - FORMATTED CONTENTS NOTE
Formatted contents note Why follow chickens? -- Ethnic succession in the south -- Where have all the workers gone? -- Taylorism invades the hen house -- Solving industry crises : pollos y polleros -- Squeezing out Mexican chicken -- Voice : squawking at globalization -- Exit Mexico : si muero lejos de ti -- The global dilemma : summary and reflections.
650 #0 - SUBJECT ADDED ENTRY--TOPICAL TERM
Topical Term Chicken industry
Topical Term Chicken industry
Topical Term Foreign workers, Mexican
Topical Term Unemployment
Topical Term Unemployment
856 40 - ELECTRONIC LOCATION AND ACCESS
Uniform Resource Identifier http://site.ebrary.com/lib/rucke/Doc?id=10640267

No items available.

© 2026 Rongo University
Contact us: librarian | system librarian | Rongo university